People of ancient Egypt /

محفوظ في:

المؤلف الرئيسي: Booth, Charlotte. (مؤلف)

التنسيق: كتاب

اللغة: English

منشور في: Stroud : Tempus, 2007.

الموضوعات:

الوسوم: إضافة وسم

لا توجد وسوم, كن أول من يضع وسما على هذه التسجيلة!

رقم الطلب: DT61 .B66 2007

LEADER 00782namaa2200265 4500
001 19225
003 OSt
005 20250624113241.0
008 130303s2007 enka b 001 0 eng d
010 |a 2008276456 
020 |a 9780752443430 
040 |c ARCE Library 
043 |a f-ua--- 
050 4 |a DT61 .B66 2007 
100 1 |a Booth, Charlotte.   |e author 
245 1 0 |a People of ancient Egypt /   |c Charlotte Booth. 
264 1 |a Stroud :   |b Tempus,   |c 2007. 
300 |a 288 pages :   |b illustrations (some color) ;   |c 26 cm. 
504 |a Includes bibliographical references and index. 
651 0 |a Egypt  |x History  |y To 640 A.D.  |v Biography. 
651 0 |a Egypt   |x Civilization. 
651 0 |a Egypt   |x Social life and customs. 
901 |a reviewed 
942 |c BK  |2 lcc 
999 |c 16985  |d 16985